000 03897nam0a2200373 4500
001 RU\NLR\BIBL_A\012914246
005 20251227175613.0
021 _aRU
_bКН-П-22-058809
_9КН-П-22-5103
035 _a(NLR Aleph) 012914246
035 _a(RuMoRGB)011195373
090 _a12623956
_c12623956
100 _a20221019d2022 m y0rusy50 ca
101 0 _arus
102 _aRU
105 _ay j 000zy
181 0 _ai
_baxxe
182 0 _an
200 1 _aРоссия и Украина: история и современность
_eкраткий конспект лекций
_fФедеральное агентство морского и речного транспорта, Федеральное государственное бюджетное образовательное учреждение высшего образования Государственный университет морского и речного флота имени С. О. Макарова, Институт международного транспортного менеджмента, Кафедра отечественной истории, политологии и социологии
_gсоставители: Кочин А. А. [и др.]
203 _aТекст
_bвизуальный
_cнепосредственный
210 _aСанкт-Петербург
_cИзд-во ГУМРФ
_d2022
215 _a53, [2] с.
_d21
320 _aБиблиогр. в конце кн. (16 назв.)
330 _aИзложен учебный материал о социально-политических, экономических, духовных процессах на Украине в историческом промежутке времени от Средневековья до наших дней, о взаимоотношениях Украины и России. Описаны особенности национализма, нацизма, фашизма и их отличия от коммунистической (социалистической) идеологии. Раскрыты суть причины и цели проведения Специальной операции Вооруженных Сил Российской Федерации по демилитаризации и денацификации Украины. Предназначено студентам (курсантам) вечернего и заочного отделений всех специальностей для подготовки к занятиям по отечественной истории и политологии, а также может быть полезно преподавателям и всем интересующимся историей России
607 _aРоссия
_jУчебные издания для высших учебных заведений
_xВзаимоотношения
_yУкраина
_92216785
_3RU\NLR\AUTH\661331354
607 _aУкраина
_jУчебные издания для высших учебных заведений
_xВзаимоотношения
_yРоссия
_92216787
_3RU\NLR\AUTH\661331355
686 1 _aТ3(2)0-64(2Ук)я73
686 1 _aТ3(2Ук)0-64(2)я73
702 1 _aКочин
_bА. А.
_gАндрей Анатольевич
_4220
712 0 2 _4570
_aГосударственный университет морского и речного флота им. С. О. Макарова
_bИнститут международного транспортного менеджмента
_bКафедра отечественной истории, политологии и социологии
_cСанкт-Петербург
_9816488
_3RU\NLR\AUTH\880575296
942 _cBOOK
980 _aNB